000 00501nam a2200181Ia 4500
008 240925s9999 xx 000 0 und d
020 _a672227428
082 _a005.133 BAR
100 _aBarkakati, Nabajyoti
245 4 _aThe Waite Groups Turbo C++ Bible
250 _aNA
260 _aIndianapolis:
_bSAMS Publishing
_c,1992.
300 _axxiii,632p.
_bNA
_fOriginal
500 _aNA
600 _aEngineering Technology
650 _aComputer science, information & general works
942 _cBK
999 _c4227
_d4227